Estatísticas para Os Biomas do Brasil em 20 segundos

Clique aqui para jogar o quiz

Estatísticas Gerais

  • Esse quiz foi jogado 472 vezes
  • A pontuação média é 4 de 6

Respostas no mapa

Respostas codificadas por cores de uma escala verde-vermelha no mapa do quiz de acordo com a % correta abaixo.
 

Estatísticas das Respostas

Bioma% Correto
Cerrado
85%
Caatinga
78%
Amazonia
67%
Mata Atlantica
64%
Pantanal
55%
Pampas
52%

Distribuição das Pontuações

Percentil de Números Respondidos

Porcentagem de Pessoas com Cada Pontuação

Sua Pontuação Histórica

Você não jogou esse quiz